| 000 | 00546nam a22002177a 4500 | ||
|---|---|---|---|
| 005 | 20190812165838.0 | ||
| 008 | 190812b xxu||||| |||| 00| 0 spa d | ||
| 041 | _aspa | ||
| 082 | _aLáminas | ||
| 245 | _aLámina grande temas varios | ||
| 260 | _aArgentina | ||
| 260 | _bMC Mundo Cartográfico | ||
| 260 | _c2005 | ||
| 650 |
_aMATERIAL DIDÁCTICO _912846 |
||
| 650 |
_aCOMUNICACIONES _92305 |
||
| 650 |
_aTEXTURAS _915372 |
||
| 650 |
_aECOLOGÍA _91139 |
||
| 650 |
_aMEDIO AMBIENTE _9505 |
||
| 650 |
_aSEGURIDAD _9395 |
||
| 942 | _cMATDID | ||
| 999 |
_c12242 _d12242 |
||